000
00301nam a2200133 a 4500
005
20140414093837.0
008
110304s19uu xx 00 eng d
050
_a
CDR 220
_b
CHI 1998
245
_a
Childrens bible library.
260
_c
1998.
650
_a
Bible
942
_c
AVM
999
_c
109079
_d
109079